| 000 | 00619nmm a2200193Ia 4500 | ||
|---|---|---|---|
| 008 | 251105s9999||||xx |||||||||||||||||und|| | ||
| 020 | _a8470307983 | ||
| 041 | _aspa | ||
| 100 | _aMedina Peña, Luis | ||
| 245 | 0 |
_aElecciones, alternancia y democracia : _b España México, una reflexión comparativa |
|
| 264 |
_a[Madrid, España] : _bBiblioteca Nueva, _c1993 |
||
| 300 | _a303 páginas | ||
| 490 | _aHistoria Biblioteca Nueva | ||
| 650 | _aHistory of Europe: Spain | ||
| 700 | _aMedina Peña, Luis | ||
| 700 | 1 | _a Varela Ortega, José | |
| 856 | _uhttps://public.digitaliapublishing.com/a/3944 | ||
| 942 | _cCF | ||
| 999 |
_c68737 _d68737 |
||